Supplemental nights, to the book of the thousand and one nights : with notes, anthropological and explanatory. Volume two /

Bibliographic Details
Other Authors: Burton, Richard Francis, Sir, 1821-1890 (Translator)
Format: Book
Language:English
Arabic
Published: London : Privately printed by the Burton Club, 1886.
Subjects:
Classic Catalogue: View this record in Classic Catalogue
LEADER 01807nam a22004095a 4500
001 44667
003 BD-DhAAL
005 20250922144701.0
008 250918t1886 enka 000 1 eng
010 |a  00374940  
025 |a Br-E-00-374940; 11 
035 |a 12549174 
035 |a (DLC) 00374940 
037 |b Library of Congress -- New Delhi Field Office 
040 |a DLC  |c DLC  |d BD-DhAAL 
041 |a eng  |h ara 
042 |a lcode 
082 |a 398.21  |2 23 
245 1 0 |a Supplemental nights, to the book of the thousand and one nights :  |b with notes, anthropological and explanatory.  |p Volume two /  |c translated by Richard F. Burton. 
246 1 8 |a Alf laylah wa laylah 
260 |a London :  |b Privately printed by the Burton Club,  |c 1886. 
300 |a 284 pages :  |c illustrations ;  |b 25 cm 
362 |a Vol. 2 
500 |a The book of thousand and one nights : Supplemental nights 
504 |a Includes bibliographical references and index. 
505 |a v. 2. Supplemental nights. 
541 |a Donated by Farhana Zahir, Assistant Professor, BRAC Business School, BRAC University  |e 44667 
650 |a Fairy tales. 
650 |a Tales, Arabic.  |9 59382 
650 |a Folklore  |z Arab countries.  |9 59424 
650 |a Tales  |z Arabian Peninsula.  |9 59400 
650 |a Tales  |z Arab countries.  |9 59396 
700 |a Burton, Richard Francis,  |c Sir,  |d 1821-1890,  |e translator.  |9 59374 
730 0 |a Arabian Nights.  |l English.  |9 59373 
942 |2 ddc  |c BK 
999 |c 47585  |d 47585 
952 |0 0  |1 0  |2 ddc  |4 0  |6 398_210000000000000_SUP  |7 0  |9 78249  |a BRACUL  |b BRACUL  |c NEW  |d 2025-09-18  |e Donated by Farhana Zahir, Assistant Professor, BRAC Business School, BRAC University  |l 0  |o 398.21 SUP  |p 3010044667  |r 2025-09-18  |t 1  |w 2025-09-18  |y BK  |x Donated by Farhana Zahir, Assistant Professor, BRAC Business School, BRAC University